| 000 | 00630nam a2200217Ia 4500 | ||
|---|---|---|---|
| 005 | 20220624090744.0 | ||
| 008 | 131103s9999 xx 000 0 und d | ||
| 020 |
_a415341485 _cGBP 26.99 |
||
| 040 | _aLoreto College | ||
| 041 | _aEnglish | ||
| 082 |
_a304.2 _bTUA |
||
| 245 | 4 |
_aThe geopolitics reader _cEdited by Gearoid O Tuathail, Simon Dalby and Paul Routledge |
|
| 250 | _a2nd ed | ||
| 260 |
_aLondon and New York _bRoutledge _c2006 |
||
| 300 | _ax,302p | ||
| 504 | _aIncludes bibliographical references and index | ||
| 650 | _aGeopolitics | ||
| 700 |
_aTuathail, Gearoid O. _4ed. |
||
| 850 | _aLCLIB | ||
| 942 | _cBK | ||
| 999 |
_c14926 _d65405 |
||